Závitová měřidla. STN 25 4020 : Mezní závitové trny. Závit metrický průměru od 1 mm do 100 mm. Účinnost: 1.12.1974

Gespeichert in:
Bibliographische Detailangaben
Format: Buch
Sprache:Tschechisch
Veröffentlicht: Praha : Úřad pro normalizaci a měření, 1973
Schlagworte:
Tags: Tag hinzufügen
Keine Tags, Fügen Sie das erste Tag hinzu!

MARC

LEADER 00000nam a22000003a 4500
001 stu79637
005 20150408175430.1
008 030310s1973----cs------------------cze-d
040 |a STU  |b slo 
041 0 |a cze 
044 |a cs 
080 |a 531.729.5 
245 |a Závitová měřidla. STN 25 4020 :  |b Mezní závitové trny. Závit metrický průměru od 1 mm do 100 mm. Účinnost: 1.12.1974 
260 |a Praha :  |b Úřad pro normalizaci a měření,  |c 1973 
300 |a 9 s 
650 7 |a meradlá závitové  |2 stusub 
996 |b 284M039447  |c M*N-686-1  |l MMKN  |s A  |a 24  |w stu79637_0001